• 首页
  • 本馆介绍
  • 公告通知
  • 最新文献
  • 馆藏检索
  • 电子资源
  • 读者导购
  • 参考咨询
  • 我的图书馆
  • 登录
  • 详细信息显示
  • 放入我的书架
  • 预约/预借图书
  • 作者相关作品
  • 分类相关作品
  • 丛书相关作品
  • 出版社相关作品

书目信息

  • 表格格式
  • 工作单格式
  • 卡片格式
题名:
五十年代的尘埃
    
 
作者: 唐德刚 著
分册:  
出版信息: 桂林   广西师范大学出版社  2015.02
页数: 163页
开本: 24cm
丛书名: 中国近代口述史学会丛书
单 册:
中图分类: I712.15
科图分类:
主题词: 杂文--作品集--美国--现代
电子资源:
ISBN: 978-7-5495-6265-7
000 01044oam2 2200277 450
001 0102100422
005 20210402100821.0
010    @a978-7-5495-6265-7@b精装@dCNY39.00
100    @a20150427d2015 em y0chiy50 ea
101 0  @achi
102    @aCN@b450000
105    @aa z 000cy
106    @ar
200 1  @a五十年代的尘埃@Awu shi nian dai de chen ai@f(美)唐德刚著
210    @a桂林@c广西师范大学出版社@d2015.02
215    @a163页@c照片@d24cm
225 2  @a中国近代口述史学会丛书
225 2  @a唐德刚作品集
330    @a本书稿是唐德刚教授文章小集,精选了作者1950年代在纽约发表亦散文亦小说的文章,多为遗忘多年后重新整理发现的作品,故而称之为“五十年代的尘埃”。根据中国国家图书馆的公开查询图书目录,此前《五十年代的尘埃》在中国大陆已正式出版多个简体字版本。
461  0 @12001 @a中国近代口述史学会丛书
461  0 @12001 @a唐德刚作品集
606 0  @a杂文@x作品集@y美国@z现代
690    @aI712.15@v5
701  0 @c(美)@a唐德刚@Atang de gang@f(1920-2009)@4著
801  0 @aCN@bBJSZM@c20210402
905    @b1275977-8@dI712.15@e1408@f2
    
    五十年代的尘埃/(美)唐德刚著.-桂林:广西师范大学出版社,2015.02
    163页:照片;24cm.-(中国近代口述史学会丛书).-(唐德刚作品集)
    
    
    ISBN 978-7-5495-6265-7(精装):CNY39.00
    本书稿是唐德刚教授文章小集,精选了作者1950年代在纽约发表亦散文亦小说的文章,多为遗忘多年后重新整理发现的作品,故而称之为“五十年代的尘埃”。根据中国国家图书馆的公开查询图书目录,此前《五十年代的尘埃》在中国大陆已正式出版多个简体字版本。
●
相关链接 在E读中查询图书 在五车中查询图书 在当当中查询图书 在豆瓣中查询图书


正题名:五十年代的尘埃     索取号:I712.15/1408         预约/预借

序号 登录号 条形码 馆藏地/架位号 状态 备注
1 1275977   212759772   第一样本阅览室/ [索取号:I712.15/1408] 在馆    
2 1275978   212759781   教育系资料室/ [索取号:I712.15/1408] 在馆    
唐山师范学院图书馆 欢迎您!
大连网信软件有限公司© 版权所有